Badflower songs - Statistics

General Stats
  • This quiz has been taken 17 times
  • The average score is 20 of 34
Answer Stats
Songs % Correct
Ghost
91%
The Jester
91%
30
82%
Daddy
82%
X Ana X
82%
Animal
73%
Don't Hate Me
73%
Family
73%
Heroin
73%
Promise Me
73%
24
64%
Adolescent Love
64%
Cry
64%
Die
64%
Drop Dead
64%
Fukboi
64%
Let The Band Play
64%
My Funeral
64%
F*ck The World
55%
Girlfriend
55%
Machine Gun
55%
Murder Games
55%
Only Love
55%
Sasshole
55%
She Knows
55%
Stalker
55%
Tethered
55%
We're In Love
55%
White Noise
55%
Johnny Wants To Fight
45%
Wide Eyes
45%
Everyone's An A**hole
27%
Mother Mary
18%
Heroin (acoustic)
9%
No matching quizzes found
Score Distribution
Percent of People with Each Score
Percentile by Number Answered
Your Score History
You have not taken this quiz